000 00457nam a22001697a 4500
005 20251108165455.0
008 250721s1990 xx 000 0 ara d
082 1 4 _a922.1/شلب
100 1 _aشلبي، محمود
245 1 0 _aحياة إبن عباس :
_bحبر الأمة /
264 1 _aبيروت :
_bدار الجيل،
_c1990.
300 _a591ص
650 1 7 _aالتراجم
650 1 7 _aالصحابة
942 _2ddc
_cBK
999 _c28778
_d28778